[Event "CHI-ch"]
[Site "Punta Arenas"]
[Date "2014.02.23"]
[Round "9"]
[White "Llorens Sepulveda, Marcelo"]
[Black "Lopez Silva, Hugo Andres"]
[Result "0-1"]
[WhiteElo "2309"]
[BlackElo "2414"]
[PlyCount "70"]
[EventDate "2014.02.18"]
[EventType "tourn"]
[EventRounds "11"]
[EventCountry "CHI"]
[EventCategory "5"]
[SourceTitle "CBM 159 Extra"]
[Source "ChessBase"]
[SourceDate "2014.04.24"]
[SourceVersion "1"]
[SourceVersionDate "2014.04.24"]
[SourceQuality "1"]

1. d4 Nf6 2. c4 c5 3. d5 e6 4. Nc3 exd5 5. cxd5 d6 6. e4 g6 7. Nge2 Bg7 8. Ng3 a6 9. a4 h5 10. Be2 Qe7 11. f3 Nbd7 12. 0-0 h4 13. Nh1 Nh5 14. Be3 f5 15. f4 fxe4 16. f5 Ndf6 17. fxg6 Qe5 18. Bxh5 Qxh5 19. Qxh5 Rxh5 20. Rf4 Bf5 21. Bf2 Bxg6 22. Bxh4 Nxd5 23. Nxd5 Rxd5 24. Ng3 Bxb2 25. Rb1 Bd4+ 26. Kh1 b5 27. Nxe4 Be5 28. Re1 Bxe4 29. Rfxe4 Kd7 30. Bf2 c4 31. g4 Rc8 32. axb5 axb5 33. h4 b4 34. g5 b3 35. h5 b2 0-1

[Event "CHI-ch"]
[Site "Punta Arenas"]
[Date "2014.02.21"]
[Round "5"]
[White "Llorens Sepulveda, Marcelo"]
[Black "Olivares Olivares, Claudio"]
[Result "0-1"]
[WhiteElo "2309"]
[BlackElo "2240"]
[PlyCount "110"]
[EventDate "2014.02.18"]
[EventType "tourn"]
[EventRounds "11"]
[EventCountry "CHI"]
[EventCategory "5"]
[SourceTitle "CBM 159 Extra"]
[Source "ChessBase"]
[SourceDate "2014.04.24"]
[SourceVersion "1"]
[SourceVersionDate "2014.04.24"]
[SourceQuality "1"]

1. e4 c5 2. Nf3 d6 3. Bc4 Nf6 4. d3 Nc6 5. c3 g6 6. h3 Bg7 7. 0-0 0-0 8. Bb3 Rb8 9. Re1 Nd7 10. d4 b5 11. Bg5 b4 12. Qd2 Na5 13. Bh6 bxc3 14. Nxc3 Rxb3 15. axb3 Nxb3 16. Qg5 Nxa1 17. Rxa1 a6 18. Nd5 f6 19. Qd2 Bxh6 20. Qxh6 Rf7 21. Ra3 cxd4 22. Nxd4 Nf8 23. Nc6 Qe8 24. Ncxe7+ Kh8 25. Nxc8 Qxc8 26. Qf4 Kg7 27. Rc3 Qb8 28. b4 Ne6 29. Qe3 Qb5 30. f4 a5 31. bxa5 Qxa5 32. Rc6 Rd7 33. Kh2 f5 34. Qd3 Qa4 35. Rc4 Qa1 36. exf5 Nc5 37. Qg3 Rf7 38. f6+ Rxf6 39. Nxf6 Qxf6 40. Qc3 Qxc3 41. Rxc3 Kf6 42. Ra3 Kf5 43. Kg3 Ke4 44. Ra7 Ke3 45. Ra3+ Ke4 46. Ra1 d5 47. Re1+ Kd3 48. Re7 d4 49. Rxh7 Ke3 50. Ra7 d3 51. Kg4 d2 52. Ra3+ Nd3 53. Ra1 Nc1 54. Ra3+ Kf2 55. Ra1 Ke3 0-1

[Event "CHI-chT"]
[Site "Santiago de Chile"]
[Date "2012.12.11"]
[Round "6"]
[White "Llorens Sepulveda, Marcelo"]
[Black "Henriquez Villagra, Cristobal"]
[Result "1-0"]
[WhiteElo "2293"]
[BlackElo "2289"]
[PlyCount "85"]
[EventDate "2012.11.22"]
[EventType "team-tourn"]
[EventRounds "9"]
[EventCountry "CHI"]
[SourceTitle "EXT 2014"]
[Source "ChessBase"]
[SourceDate "2013.11.20"]
[SourceVersion "1"]
[SourceVersionDate "2013.11.20"]
[SourceQuality "1"]

1. e4 e5 2. Nf3 Nc6 3. Bb5 Nge7 4. h4 a6 5. Ba4 d6 6. c3 b5 7. Bb3 h6 8. d4 exd4 9. cxd4 Na5 10. Bc2 g6 11. h5 g5 12. Bd2 Nc4 13. Bc3 d5 14. b3 Nd6 15. Nbd2 dxe4 16. d5 exf3 17. Bxh8 fxg2 18. Rg1 Nxd5 19. Qe2+ Be6 20. 0-0-0 c6 21. Ne4 Qa5 22. Nf6+ Nxf6 23. Bxf6 Qxa2 24. Qe5 Nf5 25. Rd2 Bd6 26. Qc3 Rc8 27. Rxg2 Bf4 28. f3 Ne7 29. Qc5 Nd5 30. Bg7 Kd7 31. Kd1 Bd6 32. Qd4 Qa3 33. Rge2 c5 34. Qe4 c4 35. Rxd5 cxb3 36. Rxd6+ Qxd6+ 37. Bd3 f5 38. Qe3 f4 39. Qe4 Rc5 40. Rd2 Bd5 41. Qf5+ Be6 42. Qh7 Rd5 43. Bf8+ 1-0

[Event "Santiago de Chile Nunoa CC Honor"]
[Site "Santiago de Chile"]
[Date "2012.07.31"]
[Round "6"]
[White "Cuevas Pardo, Christian Marcelo"]
[Black "Llorens Sepulveda, Marcelo"]
[Result "0-1"]
[WhiteElo "2011"]
[BlackElo "2294"]
[PlyCount "76"]
[EventDate "2012.07.04"]
[EventType "tourn"]
[EventRounds "7"]
[EventCountry "CHI"]
[SourceTitle "EXT 2013"]
[Source "ChessBase"]
[SourceDate "2012.11.22"]
[SourceVersion "1"]
[SourceVersionDate "2012.11.22"]
[SourceQuality "1"]

1. e4 c5 2. Nf3 Nc6 3. d4 cxd4 4. Nxd4 Nf6 5. Nc3 d6 6. Bg5 Bd7 7. Qd2 Rc8 8. 0-0-0 Nxd4 9. Qxd4 Qa5 10. Bd2 Qc5 11. Qxc5 Rxc5 12. f3 a6 13. g4 Be6 14. Be3 Rc8 15. g5 Nd7 16. Nd5 h6 17. gxh6 gxh6 18. Rg1 h5 19. Kb1 Ne5 20. Be2 f6 21. b3 Kf7 22. c4 Bh6 23. Bxh6 Rxh6 24. Nf4 Bd7 25. h4 Bc6 26. Rg3 Rg8 27. Rdg1 Rxg3 28. Rxg3 Nd7 29. b4 e5 30. Ng2 Nf8 31. Ne3 Bd7 32. c5 dxc5 33. Bc4+ Be6 34. bxc5 Rg6 35. Rxg6 Nxg6 36. Bd5 Bxd5 37. exd5 Nxh4 38. Nc4 Nf5 0-1

[Event "Santiago de Chile Nunoa CC Honor"]
[Site "Santiago de Chile"]
[Date "2012.07.17"]
[Round "4"]
[White "Llorens Sepulveda, Marcelo"]
[Black "Farfan Ortiz, Victor"]
[Result "1/2-1/2"]
[WhiteElo "2294"]
[BlackElo "2206"]
[PlyCount "120"]
[EventDate "2012.07.04"]
[EventType "tourn"]
[EventRounds "7"]
[EventCountry "CHI"]
[SourceTitle "EXT 2013"]
[Source "ChessBase"]
[SourceDate "2012.11.22"]
[SourceVersion "1"]
[SourceVersionDate "2012.11.22"]
[SourceQuality "1"]

1. e4 e6 2. d4 d5 3. e5 c5 4. c3 Qb6 5. Nf3 Nc6 6. a3 c4 7. g3 f6 8. exf6 Nxf6 9. Bg2 Bd6 10. 0-0 0-0 11. Qe2 Ne4 12. Nbd2 Nxd2 13. Nxd2 Bd7 14. f4 Rf6 15. Kh1 Raf8 16. Nf3 h6 17. Be3 Qb3 18. Rae1 Be8 19. Ne5 Bc7 20. Ng4 Rf5 21. Bc1 Bf7 22. Ne3 Rf6 23. Ng4 Rf5 24. Ne3 Rf6 25. f5 Ne7 26. fxe6 Bxe6 27. Rxf6 Rxf6 28. Ng4 Rg6 29. Ne5 Bxe5 30. Qxe5 Kh7 31. Bf3 Qc2 32. Qe2 Qf5 33. Bf4 Rf6 34. Qg2 Ng6 35. Bb8 Qxf3 36. Qxf3 Rxf3 37. Rxe6 Rf2 38. Bxa7 Rxb2 39. Bc5 h5 40. h4 Rd2 41. Bb4 Rd1+ 42. Kg2 Rd2+ 43. Kf3 Rd3+ 44. Kf2 Rd2+ 45. Ke1 Rd3 46. Rd6 Rxg3 47. Rxd5 Nf4 48. Rd7 b6 49. d5 Rd3 50. d6 Nd5 51. Rd8 Kg6 52. a4 Nxb4 53. cxb4 c3 54. Ke2 c2 55. Rc8 Rxd6 56. Rxc2 Kf5 57. Rc4 Re6+ 58. Kf3 Rd6 59. a5 bxa5 60. Rc5+ Kf6 1/2-1/2